V zajatí extrémizmu

Bibliographic Details
Main Author: Grešková, Lucia (Author)
Format: Article
Language:Slovak
PhysicalDescription:Fotogr.
ISSN:1335-2660
Subjects:

MARC

LEADER 00000nab a2200000 ar4500
001 vtls010038416
003 SK-MaSNL
005 20260304155405.0
008 250507c2009 xo qr|p|||||||000 b|slo
015 |a SNBRB2010/01 
035 |a (uuid)06d44b49-2a31-47ab-83ff-0d1254fcba37 
035 |a urn:nbn:sk:snk-abc5ho 
035 |a (urnnbn)urn:nbn:sk:snk:ar-00093t 
038 |a SNKBUCL 
040 |a SNKBUCL  |b slo  |c SNKBUCL  |e AACR2 
041 0 |a slo 
044 |a xo  |c SK 
080 |a 321.15  |2 2001 
100 1 |a Grešková, Lucia  |4 aut  |9 562653 
245 1 0 |a V zajatí extrémizmu  |c Lucia Grešková 
300 |b Fotogr. 
650 0 7 |a extrémizmus  |2 snkbucl  |9 4817 
773 0 |t Rozmer  |g Roč. XII, č. 4 (2009), s. 31-35  |x 1335-2660 
850 |a Slovenská národná knižnica 
852 |a Slovenská národná knižnica 
958 |a article15 
958 |a OND 
958 |a EUIPO 
999 |c 2962011  |d 2963941